| 000 | 00803cam a2200241I 4500 | ||
|---|---|---|---|
| 001 | 14914 | ||
| 003 | BD-RjUL | ||
| 005 | 20211208235721.0 | ||
| 008 | 140208s1940 it b 000 0 eng d | ||
| 035 |
_a(BD-RjUL)14968 _a(OCoLC)ocm05653688 |
||
| 035 | _a(NNC)5344484 | ||
| 040 |
_aCRU _cCRU _dBD-RjUL _beng |
||
| 041 | _aeng | ||
| 082 | 0 | 4 |
_220 _a634.63 _bINO 1940 |
| 110 | 2 |
_aInternational Institute of Agriculture. _948061 |
|
| 245 | 1 | 0 |
_aOlives and olive products : _bproduction and trade / _cInternational Institute of Agriculture. |
| 260 |
_aRome : _bThe Institute. _c1940. |
||
| 300 |
_a(various pageins.) _bill., maps. ; _c24 cm. |
||
| 490 |
_aStudies of the principal agricultural products on the world market ; _vno. 6 |
||
| 650 | 0 |
_aOlive. _946432 |
|
| 830 | 0 |
_vno. 6. _948062 |
|
| 942 |
_2ddc _cBK |
||
| 999 |
_c14914 _d14914 |
||